Tourism and coastal zone management / (Record no. 65434)

MARC details
000 -LEADER
fixed length control field 00804nam a22002297a 4500
005 - DATE AND TIME OF LATEST TRANSACTION
control field 20120423112230.0
008 - FIXED-LENGTH DATA ELEMENTS--GENERAL INFORMATION
fixed length control field 120423t xxu||||| |||| 00| 0 eng d
010 ## - LCCN (DPL NO)
LC control number ENG-105042
020 ## - INTERNATIONAL STANDARD BOOK NUMBER
International Standard Book Number 9788181522580
Terms of availability 725.00
035 ## - SYSTEM CONTROL NUMBER
System control number EN-88575
037 ## - SOURCE OF ACQUISITION
Source of stock number/acquisition DBAD/PUB
040 ## - CATALOGING SOURCE
Original cataloging agency DPL
Language of cataloging Eng
082 ## - DEWEY DECIMAL CLASSIFICATION NUMBER
Classification number 338.4791
100 ## - MAIN ENTRY--PERSONAL NAME
9 (RLIN) 45189
Personal name Nigam, Urmila
245 ## - TITLE STATEMENT
Title Tourism and coastal zone management /
Statement of responsibility, etc by Urmila Nigam
260 ## - PUBLICATION, DISTRIBUTION, ETC. (IMPRINT)
Place of publication, distribution, etc Jaipur
Name of publisher, distributor, etc Book Enclave
Date of publication, distribution, etc 2009
270 ## - ADDRESS
Address Jain Bhawan, Opp. N.E.I., Shanti Nagar
City Jaipur
Postal code 302006
300 ## - PHYSICAL DESCRIPTION
Extent vi,248p.
Dimensions 22cm(Hb)
500 ## - GENERAL NOTE
General note Includes index
942 ## - ADDED ENTRY ELEMENTS (KOHA)
Source of classification or shelving scheme Dewey Decimal Classification
Item type English Books
Call number suffix NIG
Classification part 338.4791
Holdings
Withdrawn status Lost status Source of classification or shelving scheme Damaged status Not for loan Collection code Home library Current library Date acquired Source of acquisition Cost, normal purchase price Total Checkouts Full call number Barcode Date last seen Copy number Cost, replacement price Koha item type
    Dewey Decimal Classification   Not For Loan Non-fiction D.B.Act.Division D.B.Act.Division 23/04/2012 DBAD/PUB 725.00   338.4791 NIG EN-88575 23/04/2012 1 725.00 English Books

© Delhi Public Library
Hit Counter
free hit counter